LEADER 01009nam0 22002531i 450 001 RML0234605 005 20231121125700.0 100 $a20121121d1979 ||||0itac50 ba 101 | $aita 102 $ait 181 1$6z01$ai $bxxxe 182 1$6z01$an 200 1 $aEXPECTED utility hypotheses and the Allais Paradox$eContemporary discussions of decisions under uncertainty with Allais' Rejoinder$fedited by Maurice Allais and Ole Hagen 210 $aDordrecht $cReidel Publ. Comp. $d1979 215 $avii,714 p.$cfig.$d23 cm 700 1$aALLAIS$b, Maurice$3RMLV149389$0121556 801 3$aIT$bIT-01$c20121121 850 $aIT-FR0098 899 $aBiblioteca Area Giuridico Economica$bFR0098 912 $aRML0234605 950 0$aBiblioteca Area Giuridico Economica$d 53TER 658/632$e 53VM 0000030155 VM barcode:0002538VM$fA $h19940509$i20121204 977 $a 53 996 $aEXPECTED utility hypotheses and the Allais Paradox$93618715 997 $aUNICAS